| 000 | 01283nam a22003017a 4500 | ||
|---|---|---|---|
| 001 | 7893 | ||
| 003 | FISKH | ||
| 005 | 20250813100613.0 | ||
| 008 | 250813b cb ||||| |||| 00| 0 eng d | ||
| 020 | _a9780194790710 | ||
| 040 |
_aFISKH _beng _cFISKH _dFISKH |
||
| 050 | _aPE1126.A4 S54 | ||
| 082 | _a428.6 | ||
| 100 | _aWest, Clare | ||
| 245 |
_aSherlock Holmes short stories / _cSir Arthur Conan Doyle ; Retold by Clare West |
||
| 250 | _aThis edition first published in 1989 | ||
| 260 |
_aNew York : _bOxford, _c1989 |
||
| 300 |
_a56 pages : _billustrations ; _c20 cm |
||
| 505 | _aN | ||
| 520 | _aSherlock Holmes is the greatest detective of them all. He sits in his room, and smokes his pipe. He listens, and watches, and thinks. He listens to the steps coming up the stairs; he watches the door opening - and he knows what question the stranger will ask. In these three of his best stories, Holmes has three visitors to the famous flat in Baker Street - visitors who bring their troubles to the only man in the world who can help them. | ||
| 521 | 8 |
_a550
_bLexile |
|
| 521 | 8 |
_aN
_bRaz-Plus |
|
| 650 |
_2Readers L2 _aOxford Bookworms |
||
| 650 |
_2Elementary-High _aJAN CAREW |
||
| 700 |
_aMarks, Alan _dillustrator |
||
| 942 |
_2ddc _cBK _n0 |
||
| 999 |
_c7893 _d7893 |
||